000 01163cam a2200229 4500
001 ABS66708
008 030516n2003 000 0 eng u
035 _a(Sirsi) u122299
100 _aFrancke, M.
245 _aIn search of clarity - affordable housing in Scotland
260 _c2003
490 _aScottish Planning and Environmental Law
_v(96) April 2003, 29-31(3)
520 _aLooks at the provision of affordable housing in Scotland following the publication of SPP3 "Planning for housing" in February 2003. Provides a definition of affordable housing in the Scottish context and analyses whom the housing is for, how it is currently provided and problems in delivery including reducing levels of public subsidy. Outlines the results of Drivers Jonas' survey of 32 councils' local plan policies to see if affordable housing policies are included, the delivery of affordable housing being reliant on the development plan system.
590 _aABS
650 _aSPP3
650 _aAffordable housing
_96215
650 _aSCOTLAND
650 _aDEVELOPMENT PLAN SYSTEM
650 _aLOCAL PLANNING
690 _aHOUSING-DEVELOPMENT
942 _n0
999 _c72681
_d72681